| 000 | 00695nam a2200229 a 4500 | ||
|---|---|---|---|
| 001 | BRCA_5999 | ||
| 005 | 20190320205308.0 | ||
| 008 | 290311s1925----nyua######---#000-0#eng-# | ||
| 041 | _aeng | ||
| 044 | _anyu | ||
| 050 | 4 |
_aN7830 _b.B54 1925 |
|
| 100 | 1 |
_aBles, Arthur de _915153 |
|
| 245 | 1 | 0 |
_aHow to distinguish the saints in art by their costumes, symbols and attributes _cArthur de Bles. |
| 260 |
_aNueva York _bArt Culture _c1925 |
||
| 300 |
_a168 p. _bil., 48 láminas _c31 cm. |
||
| 500 | _aIncluye índice alfabético y lista de ilustraciones | ||
| 500 | _aG107 | ||
| 650 | 1 | 4 |
_aArte y simbolismo cristiano _99209 |
| 650 | 1 | 4 |
_aSantos _xArte _915154 |
| 902 | _aGFM | ||
| 942 |
_2lcc _cB |
||
| 999 |
_c5688 _d5688 |
||